000 00408nam a2200181Ia 4500
001 806
005 20260306140545.0
008 260306t1983||||xx |||||||||||||| ||spa||
041 _aESP
082 _a170
_bF52
100 _aFinnis, John,
_eAUT
245 0 _aFundamentals of ethics
260 _c1983
300 _ax, 165 páginas :
_c23 cm.
650 _aGEN
654 _aCHU
942 _cLIB
_dJUS
_fJUS
_2ddc
_n
999 _c806
_d806